<?xml version="1.0" encoding="UTF-8"?>
<record
    xmlns:xsi="http://www.w3.org/2001/XMLSchema-instance"
    xsi:schemaLocation="http://www.loc.gov/MARC21/slim http://www.loc.gov/standards/marcxml/schema/MARC21slim.xsd"
    xmlns="http://www.loc.gov/MARC21/slim">

  <leader>00311nam a22001457a 4500</leader>
  <datafield tag="999" ind1=" " ind2=" ">
    <subfield code="c">54934</subfield>
    <subfield code="d">54934</subfield>
  </datafield>
  <controlfield tag="008">190926b           ||||| |||| 00| 0 eng d</controlfield>
  <datafield tag="020" ind1=" " ind2=" ">
    <subfield code="a">9789951541015</subfield>
  </datafield>
  <datafield tag="041" ind1=" " ind2=" ">
    <subfield code="a">eng</subfield>
  </datafield>
  <datafield tag="080" ind1=" " ind2=" ">
    <subfield code="a">330</subfield>
  </datafield>
  <datafield tag="082" ind1=" " ind2=" ">
    <subfield code="a">330</subfield>
  </datafield>
  <datafield tag="100" ind1=" " ind2=" ">
    <subfield code="a">61</subfield>
  </datafield>
  <datafield tag="101" ind1=" " ind2=" ">
    <subfield code="a">K F</subfield>
  </datafield>
  <datafield tag="245" ind1=" " ind2=" ">
    <subfield code="a">P5  Raportimi Financiar</subfield>
    <subfield code="c">SHK&#xC7;AK </subfield>
  </datafield>
  <datafield tag="942" ind1=" " ind2=" ">
    <subfield code="2">udc</subfield>
    <subfield code="c">BK</subfield>
  </datafield>
  <datafield tag="952" ind1=" " ind2=" ">
    <subfield code="0">0</subfield>
    <subfield code="1">0</subfield>
    <subfield code="2">udc</subfield>
    <subfield code="4">0</subfield>
    <subfield code="7">0</subfield>
    <subfield code="a">004</subfield>
    <subfield code="b">004</subfield>
    <subfield code="c">P&#xCB;KG</subfield>
    <subfield code="d">2019-09-26</subfield>
    <subfield code="l">0</subfield>
    <subfield code="o">330  SHK</subfield>
    <subfield code="p">002-3020167</subfield>
    <subfield code="r">2019-09-26</subfield>
    <subfield code="w">2019-09-26</subfield>
    <subfield code="y">BK</subfield>
  </datafield>
  <datafield tag="952" ind1=" " ind2=" ">
    <subfield code="0">0</subfield>
    <subfield code="1">0</subfield>
    <subfield code="2">udc</subfield>
    <subfield code="4">0</subfield>
    <subfield code="7">0</subfield>
    <subfield code="a">004</subfield>
    <subfield code="b">004</subfield>
    <subfield code="c">P&#xCB;KG</subfield>
    <subfield code="d">2019-09-26</subfield>
    <subfield code="l">0</subfield>
    <subfield code="o">330  SHK</subfield>
    <subfield code="p">002-3020162</subfield>
    <subfield code="r">2019-09-26</subfield>
    <subfield code="w">2019-09-26</subfield>
    <subfield code="y">BK</subfield>
  </datafield>
  <datafield tag="952" ind1=" " ind2=" ">
    <subfield code="0">0</subfield>
    <subfield code="1">0</subfield>
    <subfield code="2">udc</subfield>
    <subfield code="4">0</subfield>
    <subfield code="7">0</subfield>
    <subfield code="a">004</subfield>
    <subfield code="b">004</subfield>
    <subfield code="c">P&#xCB;KG</subfield>
    <subfield code="d">2019-09-26</subfield>
    <subfield code="l">0</subfield>
    <subfield code="o">330  SHK</subfield>
    <subfield code="p">002-3020157</subfield>
    <subfield code="r">2019-09-26</subfield>
    <subfield code="w">2019-09-26</subfield>
    <subfield code="y">BK</subfield>
  </datafield>
  <datafield tag="952" ind1=" " ind2=" ">
    <subfield code="0">0</subfield>
    <subfield code="1">0</subfield>
    <subfield code="2">udc</subfield>
    <subfield code="4">0</subfield>
    <subfield code="7">0</subfield>
    <subfield code="a">004</subfield>
    <subfield code="b">004</subfield>
    <subfield code="c">P&#xCB;KG</subfield>
    <subfield code="d">2019-09-26</subfield>
    <subfield code="l">0</subfield>
    <subfield code="o">330  SHK</subfield>
    <subfield code="p">002-3020152</subfield>
    <subfield code="r">2019-09-26</subfield>
    <subfield code="w">2019-09-26</subfield>
    <subfield code="y">BK</subfield>
  </datafield>
  <datafield tag="952" ind1=" " ind2=" ">
    <subfield code="0">0</subfield>
    <subfield code="1">0</subfield>
    <subfield code="2">udc</subfield>
    <subfield code="4">0</subfield>
    <subfield code="7">0</subfield>
    <subfield code="a">004</subfield>
    <subfield code="b">004</subfield>
    <subfield code="c">P&#xCB;KG</subfield>
    <subfield code="d">2019-09-26</subfield>
    <subfield code="l">0</subfield>
    <subfield code="o">330  SHK</subfield>
    <subfield code="p">002-3020147</subfield>
    <subfield code="r">2019-09-26</subfield>
    <subfield code="w">2019-09-26</subfield>
    <subfield code="y">BK</subfield>
  </datafield>
</record>
